00370cam a22001217a 4500008003600000082001800036100002000054245008500074260000900159300001000168650004000178650003000218180718b xxu||||| |||| 00| 0 eng d aA6x54074 V519 aVeerathappa, K. aBritish conservative party and Indian independence, 1930-1947cby K. Veerathappa abc a336p. aConservative party (United Kingdom) aIndia - History - 1935-47